Оперативная сводка № 0120/оп штаба 4-го Украинского фронта к 6.00

RUSMARC
00005055cbm0a2200313#x 450
0019c31fb95-0395-4e08-ad44-ae4c03f2cf87
00520250429164304.0
100##$a20250429j19450501k###0rusy50 ca
1010#$arus
102##$aRU
1221#$ad19450501##
2001#$aОперативная сводка № 0120/оп штаба 4-го Украинского фронта к 6.00
$j1 мая 1945 г.
251##$cДокумент
300##$aКопия
461#0$12001
$aФ. 244
$1251
$cФонд
$1852
$j244
462#0$12001
$aОп. 3000
$1251
$cОпись
$1852
$j3000
462#0$12001
$aД. 1183
$vЛ. 581-586
$1251
$cДело
$1852
$j1183
60102$2prlib_sh
$3LIBNET\UAF\0000057822
$aУкраинский фронт
$c4; 1943 - 1945
$jДокументы и материалы
605##$2prlib_sh
$3LIBNET\UAF\0000088514
$aВторая мировая война в архивных документах (Комплекс оцифрованных архивных документов, кино- и фотоматериалов)
$lколлекция
605##$2acquisition_Prlib
$3DITM\AF\0000002775
$aВласть
$lколлекция
605##$2acquisition_Prlib
$3DITM\AF\0000003834
$aНарод
$lколлекция
6061#$2nlr_sh
$3RU\NLR\AUTH\661520861
$aВеликая Отечественная война
$z1941 - 1945
$zТретий период
$z1944 – 1945
$jДокументы и материалы
6061#$2nlr_sh
$3RU\NLR\AUTH\661342670
$aВеликая Отечественная война
$z1941 - 1945
$xВоенные операции
$z1945
$jДокументы и материалы
686##$a63.3(2)622,13ю1
$2rubbk
$vLBC/M
801#0$aRU
$bПБ им. Б.Н. Ельцина
$c20250429
801#1$aRU
$bПБ им. Б.Н. Ельцина
$c20250429
$2rusmarc
801#2$aRU
$bПБ им. Б.Н. Ельцина
$c20250429
$2rusmarc
850##$aЦентральный архив Министерства обороны Российской Федерации
852##$aЦА МО РФ
$jЛ. 581-586
035##$aLIBNET\0001470848
937##$d196711208
$hФедеральное архивное агентство
8564#$uhttp://readingroom.main.prlib.ru/item.aspx?id_node=n196711208&mode=full
Формат отображения